000 00407nam a22001697a 4500
999 _c7615
_d7615
003 GBCCL
005 20241126110632.0
008 180824b ||||| |||| 00| 0 eng d
040 _cgbc
082 _aVER 231.73
_bKHA
100 _aKhamvum, V.
_913375
245 _aLaisiangthou sung a thillamdangte
260 _bAuthor,
_aLamka:
_c1989
300 _a132p. ;
650 _aMiracles
_93104
942 _2ddc
_cBK